Los pingüinos adoran los colores = (Record no. 20922)

MARC details
000 -LEADER
fixed length control field 02168cam a2200517Ii 4500
001 - CONTROL NUMBER
control field sjds1294869
003 - CONTROL NUMBER IDENTIFIER
control field sjds
005 - DATE AND TIME OF LATEST TRANSACTION
control field 20240511090643.0
008 - FIXED-LENGTH DATA ELEMENTS--GENERAL INFORMATION
fixed length control field 170421t20172017nyua b 000 1 spa d
020 ## - INTERNATIONAL STANDARD BOOK NUMBER
International Standard Book Number 1338127764 (paperback)
020 ## - INTERNATIONAL STANDARD BOOK NUMBER
International Standard Book Number 9781338127768 (paperback)
035 ## - SYSTEM CONTROL NUMBER
System control number (OCoLC)983463999
035 ## - SYSTEM CONTROL NUMBER
System control number (OCoLC)ocn983463999
035 ## - SYSTEM CONTROL NUMBER
System control number 1149390
040 ## - CATALOGING SOURCE
Original cataloging agency DMM
Language of cataloging eng
Description conventions rda
Transcribing agency DMM
Modifying agency B@L
-- BDX
-- YVR
-- IFA
041 1# - LANGUAGE CODE
Language code of text/sound track or separate title spa
-- eng
Language code of original eng
049 ## - LOCAL HOLDINGS (OCLC)
Holding library IFAA
099 ## - LOCAL FREE-TEXT CALL NUMBER (OCLC)
Filing suffix 2017
100 1# - MAIN ENTRY--PERSONAL NAME
Personal name Aspinall, Sarah,
Relator term author.
245 14 - TITLE STATEMENT
Title Los pingüinos adoran los colores =
Remainder of title Penguins love colors /
Statement of responsibility, etc. Sarah Aspinall ; translated by Eida de la Vega.
246 31 - VARYING FORM OF TITLE
Title proper/short title Penguins love colors
260 ## - PUBLICATION, DISTRIBUTION, ETC. (IMPRINT)
Place of publication, distribution, etc. New York, NY :
Name of publisher, distributor, etc. Scholastic Inc.,
Date of publication, distribution, etc. c2017
264 #1 - PRODUCTION, PUBLICATION, DISTRIBUTION, MANUFACTURE, AND COPYRIGHT NOTICE
Place of production, publication, distribution, manufacture New York, NY :
Name of producer, publisher, distributor, manufacturer Scholastic Inc.,
Date of production, publication, distribution, manufacture, or copyright notice 2017.
264 #4 - PRODUCTION, PUBLICATION, DISTRIBUTION, MANUFACTURE, AND COPYRIGHT NOTICE
Date of production, publication, distribution, manufacture, or copyright notice c2017
300 ## - PHYSICAL DESCRIPTION
Extent 1 volume (unpaged) :
Other physical details color illustrations ;
Dimensions 26 cm
336 ## - CONTENT TYPE
Content type term text
Content type code txt
Source rdacontent
336 ## - CONTENT TYPE
Content type term still image
Content type code sti
Source rdacontent
337 ## - MEDIA TYPE
Media type term unmediated
Media type code n
Source rdamedia
338 ## - CARRIER TYPE
Carrier type term volume
Carrier type code nc
Source rdacarrier
500 ## - GENERAL NOTE
General note Título original: Penguins love colors.
520 ## - SUMMARY, ETC.
Summary, etc. Todo es blanco y negro hasta que seis pingüinitos toman los pinceles y transforman su mundo nevado en un colorido jardín. �Crees que harán un desastre? �Adivina!
520 ## - SUMMARY, ETC.
Summary, etc. Everything is black and white until six little penguins pick up their paintbrushes and change their snowy world into a colorful garden. Do you think these six little penguins will make a mess? Guess!
546 ## - LANGUAGE NOTE
Language note Text in Spanish and English.
650 #0 - SUBJECT ADDED ENTRY--TOPICAL TERM
Topical term or geographic name as entry element Penguins
Form subdivision Juvenile fiction.
650 #0 - SUBJECT ADDED ENTRY--TOPICAL TERM
Topical term or geographic name as entry element Colors
Form subdivision Juvenile fiction.
650 #0 - SUBJECT ADDED ENTRY--TOPICAL TERM
Topical term or geographic name as entry element Color
Form subdivision Juvenile fiction.
650 #0 - SUBJECT ADDED ENTRY--TOPICAL TERM
Topical term or geographic name as entry element Spanish language materials
General subdivision Bilingual
Form subdivision Juvenile literature.
650 #7 - SUBJECT ADDED ENTRY--TOPICAL TERM
Topical term or geographic name as entry element Pingüinos
Form subdivision Novela juvenil.
Source of heading or term bidex
650 #7 - SUBJECT ADDED ENTRY--TOPICAL TERM
Topical term or geographic name as entry element Colores
Form subdivision Novela juvenil.
Source of heading or term bidex
650 #7 - SUBJECT ADDED ENTRY--TOPICAL TERM
Topical term or geographic name as entry element Color
Form subdivision Novela juvenil.
Source of heading or term bidex
650 #7 - SUBJECT ADDED ENTRY--TOPICAL TERM
Topical term or geographic name as entry element Materiales bilingües en español
Form subdivision Literatura juvenil.
Source of heading or term bidex
700 1# - ADDED ENTRY--PERSONAL NAME
Personal name Vega, Eida de la,
Relator term tranlsator.
700 1# - ADDED ENTRY--PERSONAL NAME
Personal name Aspinall, Sarah.
Title of a work Penguins love colors.
700 1# - ADDED ENTRY--PERSONAL NAME
Personal name Aspinall, Sarah.
Title of a work Penguins love colors.
Language of a work Spanish.
942 ## - ADDED ENTRY ELEMENTS (KOHA)
Koha item type Libro/Book
Holdings
Withdrawn status Lost status Damaged status Not for loan Home library Current library Date acquired Total Checkouts Full call number Barcode Checked out Date last seen Date checked out Price effective from Koha item type
        San Juan Del Sur -- Mobile San Juan Del Sur -- Biblioteca 03/05/2024 2 JI 33004938 03/10/2024 29/08/2024 29/08/2024 03/05/2024 Libro/Book

Powered by Koha